Ανασκαφές Νάξου : οι ανάγλυφοι πίθοι

Αποθηκεύτηκε σε:
Λεπτομέρειες βιβλιογραφικής εγγραφής
Κύριος συγγραφέας: Σημαντώνη - Μπουρνιά, Εύα
Μορφή: Βιβλίο
Γλώσσα:Greek
Δημοσίευση: Αθήναι : Αρχαιολογική Εταιρεία, 1990
Σειρά:Βιβλιοθήκη της εν Αθήναις Αρχαιολογικής Εταιρείας ; ; 113
Θέματα:
Ετικέτες: Προσθήκη ετικέτας
Δεν υπάρχουν, Καταχωρήστε ετικέτα πρώτοι!

MARC

LEADER 00000nam a2200000 i 4500
001 1/54486
008 070911s1990 gre d
020 |a 960-7036-01-8 
035 |l 10090589 
040 |a GR-MY-UA  |b gre  |e aacr 
041 0 |a gre 
082 0 |a 938.27  |2 (22) 
100 1 |a Σημαντώνη - Μπουρνιά, Εύα. 
245 1 0 |a Ανασκαφές Νάξου :  |b οι ανάγλυφοι πίθοι /  |c Εύα Σημαντώνη-Μπουρνιά 
260 |a Αθήναι :   |b Αρχαιολογική Εταιρεία,   |c 1990 
300 |a 205 σ.;  |b εικ., σχ.;  |c 28 εκ. 
490 1 |a Βιβλιοθήκη της εν Αθήναις Αρχαιολογικής Εταιρείας  |v ; 113 
504 |a Περιλαμβάνει βιβλιογραφίες και ευρετήριο 
650 0 0 |a Relief (Sculpture), Greek  |z Greece  |z Naxos. 
650 0 0 |a Terra-cotta sculpture, Greek  |z Greece  |z Naxos. 
650 0 0 |a Pottery, Greek  |z Greece  |z Naxos. 
650 0 0 |a Excavations (Archaeology)  |z Greece  |z Naxos. 
651 0 |a Naxos Island (Greece)  |x Antiquities. 
830 0 |a Βιβλιοθήκη της εν Αθήναις Αρχαιολογικής Εταιρείας ;  |v ; 113 
852 |a INST  |b RHODES  |e 20070911  |h 938.27 ΣΗΜ  |p 005400025890  |q 005400025890  |t BK  |y 0 
901 |a BIBL4-2007-3 
909 |a Ρ  |b 138440 
922 |a 4ΕΛΗ  |b 200708  |c ΕΠΕΑΕΚ2/ΤΜΣ  |d Σ. ΠΑΤΑΚΗΣ 
970 |a ΧΑΡΙΟΠΟΛΙΤΟΥ  |b ΚΩΝΣΤΑΝΤΙΝΑ  |z 2007/09/11